Performance Analysis of Routing Protocols of Mobile Ad Hoc Networks (MANETs) / (Record no. 615218)

000 -LEADER
fixed length control field 00520nam a2200157 4500
003 - CONTROL NUMBER IDENTIFIER
control field NUST
005 - DATE AND TIME OF LATEST TRANSACTION
control field 20251022124824.0
082 ## - DEWEY DECIMAL CLASSIFICATION NUMBER
Classification number 621.382,MUM
100 ## - MAIN ENTRY--PERSONAL NAME
Personal name Mumtaz, CJUO Aanish (TE-43 B)
9 (RLIN) 131444
245 ## - TITLE STATEMENT
Title Performance Analysis of Routing Protocols of Mobile Ad Hoc Networks (MANETs) /
Statement of responsibility, etc. CJUO Aanish Mumtaz, CSM Salman Khan, GC Nabeel Masood and CQMS Qaiser Lohani
260 ## - PUBLICATION, DISTRIBUTION, ETC.
Place of publication, distribution, etc. Rawalpindi
Name of publisher, distributor, etc. MCS (NUST)
Date of publication, distribution, etc. 2010
300 ## - PHYSICAL DESCRIPTION
Extent x,46 p.;
650 ## - SUBJECT ADDED ENTRY--TOPICAL TERM
Topical term or geographic name entry element UG Project
9 (RLIN) 131132
651 ## - SUBJECT ADDED ENTRY--GEOGRAPHIC NAME
Geographic name TE-43 B
9 (RLIN) 131445
942 ## - ADDED ENTRY ELEMENTS (KOHA)
Source of classification or shelving scheme
Koha item type Project Report
Holdings
Withdrawn status Lost status Source of classification or shelving scheme Damaged status Not for loan Permanent Location Current Location Shelving location Date acquired Total Checkouts Full call number Barcode Date last seen Price effective from Koha item type Public note
          Military College of Signals (MCS) Military College of Signals (MCS) Reference 10/22/2025   621.382,MUM MCSPTE-178 10/22/2025 10/22/2025 Project Report Almirah No.90, Shelf No.3
© 2023 Central Library, National University of Sciences and Technology. All Rights Reserved.